| 000 | 00510nam a22001817a 4500 | ||
|---|---|---|---|
| 003 | OSt | ||
| 005 | 20260619122410.0 | ||
| 008 | 260619b |||||||| |||| 00| 0 eng d | ||
| 020 | _a9780325077154 | ||
| 040 | _cChuka University Library | ||
| 050 |
_aLB 1573 _b.C35 2015 |
||
| 100 |
_aCalkins,Lucy _927666 |
||
| 245 | _aInterpreting Characters: The Heart of the Story | ||
| 260 |
_aPortsmouth _bHeinemann _c2015 |
||
| 300 |
_avarious pages _bIllustrated |
||
| 650 | _aReading [Elementary] | ||
| 942 |
_2lcc _cBK _n0 |
||
| 999 |
_c24925 _d24925 |
||